[Event "Eastern op"]
[Site "Bethesda USA"]
[Date "2015.12.29"]
[Round "6"]
[White "Kaufman, Raymond"]
[Black "Shabalov, Alexander"]
[Result "0-1"]
[WhiteElo "2315"]
[BlackElo "2520"]
[PlyCount "80"]
[GameId "2130307649634619"]
[EventDate "2015.12.26"]
[EventType "swiss"]
[EventRounds "7"]
[EventCountry "USA"]
[SourceTitle "Mega2016 Update 18"]
[Source "Chessbase"]
[SourceDate "2016.02.05"]
[SourceVersion "1"]
[SourceVersionDate "2016.02.05"]
[SourceQuality "1"]

1. Nf3 c5 2. c4 Nc6 3. Nc3 e5 4. e3 Nf6 5. d4 e4 6. Ne5 g6 7. Be2 Bg7 8. O-O O-O 9. Nxc6 dxc6 10. dxc5 Qa5 11. Na4 Rd8 12. Qc2 Bg4 13. b4 Qxb4 14. Bxg4 Nxg4 15. Rb1 Qa5 16. Rxb7 Ne5 17. Bb2 Qa6 18. Rc7 Re8 19. Rd1 Rad8 20. h3 Qa5 21. Rb7 Rd3 22. Bd4 Qa6 23. Rdb1 h5 24. Rb8 Rxb8 25. Rxb8+ Kh7 26. Re8 Qxc4 27. Qxc4 Nxc4 28. Bxg7 Kxg7 29. Rxe4 Rd1+ 30. Kh2 Nd2 31. Rd4 Nf1+ 32. Kg1 Ra1 33. e4 Nd2+ 34. Kh2 Rxa2 35. h4 a5 36. e5 Nb3 37. Rf4 Re2 38. Rf6 Re4 39. Nc3 Rxh4+ 40. Kg3 Rc4 0-1

[Event "American op"]
[Site "Orange USA"]
[Date "2015.11.27"]
[Round "4"]
[White "Kaufman, Raymond"]
[Black "Taghizadeh, Rayan"]
[Result "1-0"]
[WhiteElo "2295"]
[BlackElo "2240"]
[PlyCount "87"]
[GameId "2130307650515833"]
[EventDate "2015.11.26"]
[EventType "swiss"]
[EventRounds "8"]
[EventCountry "USA"]
[SourceTitle "Mega2016 Update 12"]
[Source "Chessbase"]
[SourceDate "2015.12.25"]
[SourceVersion "1"]
[SourceVersionDate "2015.12.25"]
[SourceQuality "1"]

1. Nf3 Nf6 2. c4 e6 3. g3 b6 4. Bg2 Bb7 5. d4 Be7 6. O-O O-O 7. Re1 Qc8 8. Bg5 h6 9. Bxf6 Bxf6 10. e4 d6 11. Nc3 Nd7 12. Rc1 a6 13. h4 Rd8 14. Bh3 c5 15. d5 exd5 16. exd5 Qc7 17. Kg2 Re8 18. Qd2 b5 19. Ne4 Be7 20. b3 Nf6 21. Qf4 Nxe4 22. Rxe4 Bf8 23. Rce1 Rxe4 24. Qxe4 Bc8 25. Bxc8 Qxc8 26. h5 bxc4 27. bxc4 Rb8 28. Nh4 Qd8 29. Nf5 Qg5 30. Qf3 Qd2 31. Re2 Qc1 32. Ne7+ Bxe7 33. Rxe7 Rf8 34. Qe2 Qb1 35. Rd7 Qb6 36. Qe7 Qb4 37. Qe4 Qa4 38. Rxd6 Qxa2 39. Rc6 f5 40. Qe6+ Kh8 41. Rc8 Rxc8 42. Qxc8+ Kh7 43. Qxf5+ Kg8 44. Qe6+ 1-0

[Event "American op"]
[Site "Orange USA"]
[Date "2015.11.28"]
[Round "5"]
[White "Sevillano, Enrico"]
[Black "Kaufman, Raymond"]
[Result "1/2-1/2"]
[WhiteElo "2464"]
[BlackElo "2295"]
[PlyCount "114"]
[GameId "2130307650515840"]
[EventDate "2015.11.26"]
[EventType "swiss"]
[EventRounds "8"]
[EventCountry "USA"]
[SourceTitle "Mega2016 Update 12"]
[Source "Chessbase"]
[SourceDate "2015.12.25"]
[SourceVersion "1"]
[SourceVersionDate "2015.12.25"]
[SourceQuality "1"]

1. e4 e6 2. d4 d5 3. Nc3 Bb4 4. exd5 exd5 5. Bd3 c6 6. Nf3 Ne7 7. O-O O-O 8. Re1 Nd7 9. h3 h6 10. Bf4 Ng6 11. Bh2 Qf6 12. Qd2 Nb6 13. a3 Bxc3 14. Qxc3 Nf4 15. Bf1 Be6 16. Ne5 Nd7 17. Qf3 g5 18. c3 Rfe8 19. Bxf4 Qxf4 20. Qxf4 gxf4 21. Nd3 f3 22. gxf3 Bf5 23. Re3 Nf6 24. Nf4 a5 25. Rae1 Kf8 26. Bd3 Bd7 27. Kh2 b6 28. Re5 Rab8 29. R1e3 Ra8 30. Bf1 Rab8 31. Nd3 Rbc8 32. h4 c5 33. Nf4 cxd4 34. cxd4 Rc2 35. Re2 Rec8 36. Kg3 Rxe2 37. Bxe2 Rc2 38. b4 axb4 39. axb4 Rb2 40. Nxd5 Nxd5 41. Rxd5 Be6 42. Re5 Rxb4 43. d5 Bd7 44. Ba6 Ra4 45. Bd3 Rd4 46. Bc2 f6 47. Re3 Rxd5 48. Bb3 Rd4 49. f4 b5 50. f3 Bf5 51. Rc3 Rd3 52. Rc5 Bd7 53. Bc2 Rd4 54. Bf5 Be8 55. Rc7 b4 56. Be6 h5 57. f5 Rd6 1/2-1/2

[Event "American op"]
[Site "Orange USA"]
[Date "2015.11.28"]
[Round "6"]
[White "Kaufman, Raymond"]
[Black "Aldama Degurnay, Dionisio"]
[Result "0-1"]
[WhiteElo "2295"]
[BlackElo "2388"]
[PlyCount "122"]
[GameId "2130307650515844"]
[EventDate "2015.11.26"]
[EventType "swiss"]
[EventRounds "8"]
[EventCountry "USA"]
[SourceTitle "Mega2016 Update 12"]
[Source "Chessbase"]
[SourceDate "2015.12.25"]
[SourceVersion "1"]
[SourceVersionDate "2015.12.25"]
[SourceQuality "1"]

1. d4 Nf6 2. c4 e6 3. Nc3 c5 4. d5 exd5 5. cxd5 d6 6. Nf3 g6 7. Bf4 Bg7 8. Qa4+ Bd7 9. Qb3 Qc7 10. e4 O-O 11. Nd2 Re8 12. Be2 a6 13. a4 Bc8 14. O-O Nbd7 15. Nc4 Bf8 16. Bf3 Rb8 17. Rfe1 b6 18. Rad1 b5 19. axb5 axb5 20. Nxb5 Qb7 21. Nca3 Ne5 22. Qc2 Nxf3+ 23. gxf3 Qd7 24. Nc3 Nh5 25. Bc1 Bg7 26. Ne2 Ba6 27. Ng3 Qh3 28. Nc4 Bxc4 29. Qxc4 Bxb2 30. Be3 Be5 31. Qf1 Qh4 32. Rb1 Nf4 33. Kh1 h5 34. Rb5 Rbc8 35. Qc4 Qh3 36. Qf1 Qxf1+ 37. Nxf1 c4 38. Bxf4 Bxf4 39. Ne3 c3 40. Rc1 Rc7 41. Kg2 Kg7 42. Rc2 Kf6 43. h3 Ke5 44. Kf1 f5 45. Rb4 Kf6 46. Rc4 Rxc4 47. Nxc4 fxe4 48. Rxc3 g5 49. Kg2 h4 50. Ne3 exf3+ 51. Kxf3 Kg6 52. Rc6 Rf8 53. Ke4 Be5 54. Nc4 Rf4+ 55. Ke3 Bd4+ 56. Kd3 g4 57. Rxd6+ Kg5 58. Re6 gxh3 59. Re1 Bxf2 60. Rh1 Kg4 61. d6 Kg3 0-1

[Event "American op"]
[Site "Orange USA"]
[Date "2015.11.29"]
[Round "7"]
[White "Kaufman, Raymond"]
[Black "Diaz, Conrado"]
[Result "1/2-1/2"]
[WhiteElo "2295"]
[BlackElo "2259"]
[PlyCount "38"]
[GameId "2130307650519946"]
[EventDate "2015.11.26"]
[EventType "swiss"]
[EventRounds "8"]
[EventCountry "USA"]
[SourceTitle "Mega2016 Update 12"]
[Source "Chessbase"]
[SourceDate "2015.12.25"]
[SourceVersion "1"]
[SourceVersionDate "2015.12.25"]
[SourceQuality "1"]

1. d4 d5 2. c4 c6 3. Nc3 Nf6 4. e3 a6 5. Nf3 Bf5 6. Qb3 Ra7 7. Bd2 e6 8. a4 a5 9. Be2 Bd6 10. Ne5 h6 11. O-O O-O 12. f4 Ne4 13. Be1 Bh7 14. Ng4 Nd7 15. Nxe4 Bxe4 16. Bd3 Bxd3 17. Qxd3 f5 18. Ne5 Nxe5 19. fxe5 Be7 1/2-1/2

[Event "American op"]
[Site "Orange USA"]
[Date "2015.11.29"]
[Round "8"]
[White "Yanayt, Eugene"]
[Black "Kaufman, Raymond"]
[Result "1/2-1/2"]
[WhiteElo "2228"]
[BlackElo "2295"]
[PlyCount "84"]
[GameId "2130307650519955"]
[EventDate "2015.11.26"]
[EventType "swiss"]
[EventRounds "8"]
[EventCountry "USA"]
[SourceTitle "Mega2016 Update 12"]
[Source "Chessbase"]
[SourceDate "2015.12.25"]
[SourceVersion "1"]
[SourceVersionDate "2015.12.25"]
[SourceQuality "1"]

1. d4 Nf6 2. c4 e6 3. g3 d5 4. Nf3 Bb4+ 5. Bd2 Be7 6. Bg2 O-O 7. O-O Nbd7 8. Qc2 c6 9. Bf4 Nh5 10. Bd2 Nhf6 11. Rd1 b6 12. Bf4 Bb7 13. Nc3 dxc4 14. Nd2 Nd5 15. Nxc4 Nxf4 16. gxf4 Qc7 17. e3 Rad8 18. Rab1 c5 19. d5 exd5 20. Nxd5 Bxd5 21. Bxd5 b5 22. Nd2 c4 23. Bg2 Nb6 24. a3 Rd7 25. Ne4 Rfd8 26. Nc3 a6 27. Rxd7 Rxd7 28. Rd1 Qd8 29. Rxd7 Qxd7 30. Qe4 Bf6 31. Bh3 Qd8 32. Qb7 Bxc3 33. bxc3 Na4 34. Qxa6 Nxc3 35. Bd7 g6 36. Qb7 Nb1 37. Qxb5 Nxa3 38. Qc6 Kg7 39. Bg4 Qd3 40. Qc5 h5 41. Qe5+ Kh7 42. Qe7 hxg4 1/2-1/2

[Event "Vancouver op"]
[Site "Vancouver USA"]
[Date "2015.08.22"]
[Round "2"]
[White "Kaufman, Raymond"]
[Black "Bjorksten, Lennart"]
[Result "1-0"]
[WhiteElo "2333"]
[BlackElo "2185"]
[PlyCount "55"]
[GameId "2130307655216496"]
[EventDate "2015.08.22"]
[EventType "swiss"]
[EventRounds "5"]
[EventCountry "USA"]
[SourceTitle "Mega2016 Update 25"]
[Source "Chessbase"]
[SourceDate "2016.03.25"]
[SourceVersion "1"]
[SourceVersionDate "2016.03.25"]
[SourceQuality "1"]

1. d4 d5 2. c4 e6 3. Nc3 c6 4. Nf3 dxc4 5. e3 b5 6. a4 Bb4 7. Bd2 a5 8. Rb1 Bd7 9. Ne5 Nf6 10. Qf3 Ra7 11. g4 O-O 12. Bg2 Nd5 13. O-O f6 14. Nxd7 Rxd7 15. Rfd1 Bxc3 16. bxc3 b4 17. e4 Nb6 18. cxb4 Rxd4 19. Be3 Rd3 20. Bf1 Nxa4 21. Bxd3 cxd3 22. Ba7 axb4 23. Rxb4 Qa5 24. Rxb8 Qxa7 25. Rxf8+ Kxf8 26. Qxd3 Qe7 27. Qa6 Nc3 28. Qc8+ 1-0

[Event "Washington op"]
[Site "Lynnwood USA"]
[Date "2015.05.23"]
[Round "1"]
[White "Olin, Neo Edward"]
[Black "Kaufman, Raymond"]
[Result "0-1"]
[WhiteElo "2066"]
[BlackElo "2294"]
[PlyCount "77"]
[GameId "2130307658867135"]
[EventDate "2015.05.23"]
[EventType "swiss"]
[EventRounds "6"]
[EventCountry "USA"]
[SourceTitle "Mega2015 Update 52"]
[Source "Chessbase"]
[SourceDate "2015.11.20"]
[SourceVersion "1"]
[SourceVersionDate "2015.11.20"]
[SourceQuality "1"]

1. d4 e6 2. Nf3 Nf6 3. Bg5 h6 4. Bxf6 Qxf6 5. e4 d6 6. Nc3 Nd7 7. Bc4 a6 8. Qe2 b5 9. e5 dxe5 10. dxe5 Qf4 11. Bd5 Rb8 12. Be4 h5 13. Rd1 Bb4 14. O-O Bxc3 15. bxc3 O-O 16. Rd4 Qh6 17. Bc6 Nc5 18. Nd2 Rb6 19. Bf3 Na4 20. Rh4 Nxc3 21. Qd3 Nd5 22. Bxh5 Nf4 23. Qf3 Ng6 24. Rh3 Bb7 25. Qe3 Qxe3 26. Rxe3 Nf4 27. Bf3 Bxf3 28. Rxf3 Ng6 29. Re3 Rd8 30. Nb3 Rc6 31. c3 Nf4 32. Na5 Rxc3 33. Re4 Rd4 34. Rxd4 Ne2+ 35. Kh1 Nxd4 36. Rd1 Ra3 37. Rxd4 Rxa5 38. Rd2 b4 39. f4 0-1

[Event "Washington op"]
[Site "Lynnwood USA"]
[Date "2015.05.25"]
[Round "6"]
[White "Kaufman, Raymond"]
[Black "Sohal, Tanraj"]
[Result "1/2-1/2"]
[WhiteElo "2294"]
[BlackElo "2251"]
[PlyCount "55"]
[GameId "2130307658867177"]
[EventDate "2015.05.23"]
[EventType "swiss"]
[EventRounds "6"]
[EventCountry "USA"]
[SourceTitle "Mega2015 Update 52"]
[Source "Chessbase"]
[SourceDate "2015.11.20"]
[SourceVersion "1"]
[SourceVersionDate "2015.11.20"]
[SourceQuality "1"]

1. d4 Nf6 2. c4 e6 3. Nf3 d5 4. Nc3 c6 5. g3 Be7 6. Bg2 O-O 7. O-O b6 8. Ne5 Nfd7 9. cxd5 Nxe5 10. dxe5 exd5 11. Nxd5 cxd5 12. Bxd5 Bh3 13. Bxa8 Bxf1 14. Qxf1 Nd7 15. Bd5 Nxe5 16. e4 Bc5 17. Kg2 Kh8 18. Bd2 f5 19. Bf4 Ng6 20. Be3 Bxe3 21. fxe3 fxe4 22. Qc4 Qf6 23. Rf1 Qxb2+ 24. Kh3 Rxf1 25. Qxf1 Qe5 26. Qf7 Qh5+ 27. Kg2 Qe2+ 28. Kh3 1/2-1/2

[Event "Sisniega mem."]
[Site "Cuernavaca MEX"]
[Date "2014.04.30"]
[Round "2.1"]
[White "Kaufman, Raymond"]
[Black "Balogh, Csaba"]
[Result "1-0"]
[WhiteElo "2332"]
[BlackElo "2656"]
[PlyCount "61"]
[GameId "2130307671995866"]
[EventDate "2014.04.29"]
[EventType "swiss"]
[EventRounds "9"]
[EventCountry "MEX"]
[SourceTitle "10 Days #398"]
[Source "Chess Mix"]

1. Nf3 d5 2. d4 Nf6 3. c4 e6 4. g3 dxc4 5. Bg2 a6 6. O-O b5 7. Ne5 c6 8. b3 cxb3 9. Qxb3 Bb7 10. Rd1 Be7 11. a4 O-O 12. Ba3 b4 13. Bb2 a5 14. Nd2 Qb6 15. Rac1 Nfd7 16. Ndc4 Qa6 17. e4 Rd8 18. d5 Nc5 19. Qf3 f6 20. dxe6 Rxd1+ 21. Rxd1 Bc8 22. Qh5 Bxe6 23. Rd8+ Bf8 24. Qe8 Nbd7 25. Rxa8 Qxa8 26. Qxa8 fxe5 27. Nxe5 Nxa4 28. Nxd7 Bxd7 29. Be5 Kf7 30. Qxa5 c5 31. Bf1 1-0

[Event "Sisniega mem."]
[Site "Cuernavaca MEX"]
[Date "2014.05.01"]
[Round "3.4"]
[White "Fernandez Cardoso, Alexey"]
[Black "Kaufman, Raymond"]
[Result "1/2-1/2"]
[WhiteElo "2450"]
[BlackElo "2332"]
[PlyCount "102"]
[GameId "2130307671995873"]
[EventDate "2014.04.29"]
[EventType "swiss"]
[EventRounds "9"]
[EventCountry "MEX"]
[SourceTitle "10 Days #398"]
[Source "Chess Mix"]

1. e4 e6 2. d4 d5 3. Nd2 c5 4. Ngf3 cxd4 5. Nxd4 Nf6 6. exd5 Qxd5 7. Nb5 Na6 8. c4 Qf5 9. Be2 Be7 10. O-O O-O 11. Nd4 Qg6 12. N2f3 Rd8 13. Re1 Nc5 14. b4 Ncd7 15. Bd3 Qh5 16. a3 a5 17. Rb1 axb4 18. axb4 Ng4 19. Be2 Nde5 20. Bf4 Ng6 21. Bc7 Rd7 22. Bg3 e5 23. h3 Nxf2 24. Bxf2 exd4 25. c5 Nf4 26. Bb5 Qg6 27. Nh4 Nxh3+ 28. Kh2 Qf6 29. Bg3 Nf4 30. Rf1 g5 31. Bxf4 gxf4 32. Qg4+ Kh8 33. Bxd7 Bxd7 34. Qxd7 Qxh4+ 35. Kg1 Bf6 36. Qf5 d3 37. Qh3 Bd4+ 38. Kh1 Qxh3+ 39. gxh3 Be3 40. Ra1 Rd8 41. Ra7 d2 42. Rd1 f3 43. Rxb7 f2 44. Rxf7 Rg8 45. Kh2 Rg1 46. Rxd2 Bxd2 47. Rxf2 Rd1 48. b5 Be3 49. Rc2 Rb1 50. c6 Rxb5 51. c7 Bf4+ 1/2-1/2

[Event "Sisniega mem."]
[Site "Cuernavaca MEX"]
[Date "2014.05.01"]
[Round "4.4"]
[White "Kaufman, Raymond"]
[Black "Ruiz Sanchez, Orlen"]
[Result "1/2-1/2"]
[WhiteElo "2332"]
[BlackElo "2455"]
[PlyCount "42"]
[GameId "2130307671995878"]
[EventDate "2014.04.29"]
[EventType "swiss"]
[EventRounds "9"]
[EventCountry "MEX"]
[SourceTitle "10 Days #398"]
[Source "Chess Mix"]

1. d4 d5 2. c4 c6 3. cxd5 cxd5 4. Nc3 Nf6 5. Bf4 Nc6 6. e3 e6 7. Bd3 Be7 8. h3 O-O 9. Nf3 Bd7 10. O-O Nh5 11. Bh2 f5 12. Rc1 Nf6 13. Ne5 Rc8 14. f3 Be8 15. Qe2 a6 16. Nxc6 Bxc6 17. Rc2 Bd6 18. Bxd6 Qxd6 19. f4 Rc7 20. Rfc1 Rfc8 21. Nb1 Bb5 1/2-1/2

[Event "Sisniega mem."]
[Site "Cuernavaca MEX"]
[Date "2014.05.02"]
[Round "5.4"]
[White "Ortiz Suarez, Isan Reynaldo"]
[Black "Kaufman, Raymond"]
[Result "1/2-1/2"]
[WhiteElo "2604"]
[BlackElo "2332"]
[PlyCount "80"]
[GameId "2130307671995883"]
[EventDate "2014.04.29"]
[EventType "swiss"]
[EventRounds "9"]
[EventCountry "MEX"]
[SourceTitle "10 Days #398"]
[Source "Chess Mix"]

1. c4 Nf6 2. Nc3 c5 3. Nf3 Nc6 4. e3 e6 5. d4 d5 6. cxd5 exd5 7. Bb5 Bd6 8. dxc5 Bxc5 9. O-O O-O 10. b3 Bg4 11. h3 Bh5 12. Bb2 a6 13. Be2 Ba7 14. Nh4 Bg6 15. Nxg6 hxg6 16. Bf3 d4 17. exd4 Bxd4 18. Bxc6 bxc6 19. Rc1 c5 20. Qc2 Re8 21. Na4 Ne4 22. Rcd1 Nxf2 23. Rxf2 Bxf2+ 24. Kxf2 Qh4+ 25. Kg1 Rad8 26. Rxd8 Rxd8 27. Nxc5 Qf4 28. Bc1 Qd4+ 29. Kh2 Qe5+ 30. g3 Qe1 31. Ne4 Re8 32. Nc3 Rc8 33. Qd2 Qf1 34. Bb2 Qf3 35. h4 Kh7 36. b4 Rd8 37. Qe1 f5 38. Bc1 Re8 39. Qxe8 Qf2+ 40. Kh3 Qf1+ 1/2-1/2

[Event "Sisniega mem."]
[Site "Cuernavaca MEX"]
[Date "2014.05.02"]
[Round "6.5"]
[White "Kaufman, Raymond"]
[Black "Figueredo Losada, Leonel"]
[Result "0-1"]
[WhiteElo "2332"]
[BlackElo "2336"]
[PlyCount "68"]
[GameId "2130307671995893"]
[EventDate "2014.04.29"]
[EventType "swiss"]
[EventRounds "9"]
[EventCountry "MEX"]
[SourceTitle "10 Days #398"]
[Source "Chess Mix"]

1. d4 Nf6 2. c4 g6 3. Nc3 d5 4. cxd5 Nxd5 5. e4 Nxc3 6. bxc3 Bg7 7. Nf3 O-O 8. Be3 c5 9. Qd2 Qa5 10. Rc1 cxd4 11. cxd4 Qxd2+ 12. Nxd2 f5 13. exf5 Bxf5 14. Rc7 Nc6 15. d5 Ne5 16. Rxe7 Bf6 17. Rxb7 Rac8 18. f3 Rc2 19. Be2 Rc1+ 20. Bd1 Bc2 21. O-O Rxd1 22. Rxd1 Bxd1 23. Ne4 Nc4 24. Bc5 Rf7 25. Rb8+ Kg7 26. d6 Bc2 27. Nxf6 Kxf6 28. Rc8 Ke6 29. Kf2 Bd3 30. Rc6 a5 31. Ra6 Kd5 32. Ba7 Rb7 33. Kg3 Bb1 34. a4 Bc2 0-1

[Event "Alajuela op"]
[Site "Alajuela CRC"]
[Date "2014.01.24"]
[Round "6.6"]
[White "Angulo Cubero, Oscar"]
[Black "Kaufman, Raymond"]
[Result "1/2-1/2"]
[WhiteElo "2077"]
[BlackElo "2300"]
[PlyCount "41"]
[GameId "2130307675211822"]
[EventDate "2014.01.22"]
[EventType "swiss"]
[EventRounds "9"]
[EventCountry "CRI"]
[SourceTitle "The Week in Chess 1003"]
[Source "Mark Crowther"]
[SourceDate "2014.01.27"]
[SourceVersion "1"]
[SourceVersionDate "2014.01.27"]
[SourceQuality "2"]

1. d4 Nf6 2. Bg5 c5 3. Nc3 cxd4 4. Qxd4 Nc6 5. Qd2 e6 6. e4 Bb4 7. Bd3 h6 8. Bxf6 Qxf6 9. Nge2 O-O 10. O-O Ne5 11. a3 Bc5 12. Na4 Be7 13. c4 Qg6 14. f4 Nxd3 15. Qxd3 f5 16. Ng3 fxe4 17. Qxe4 Qxe4 18. Nxe4 b6 19. Rad1 Rd8 20. Nd6 Ba6 21. Nc3 1/2-1/2

[Event "Alajuela op"]
[Site "Alajuela CRC"]
[Date "2014.01.25"]
[Round "8.3"]
[White "Barrientos Chavarriaga, Sergio"]
[Black "Kaufman, Raymond"]
[Result "0-1"]
[WhiteElo "2481"]
[BlackElo "2300"]
[PlyCount "52"]
[GameId "2130307675211828"]
[EventDate "2014.01.22"]
[EventType "swiss"]
[EventRounds "9"]
[EventCountry "CRI"]
[SourceTitle "The Week in Chess 1003"]
[Source "Mark Crowther"]
[SourceDate "2014.01.27"]
[SourceVersion "1"]
[SourceVersionDate "2014.01.27"]
[SourceQuality "2"]

1. e4 e6 2. d4 d5 3. Nd2 c5 4. Ngf3 cxd4 5. Nxd4 Nc6 6. Bb5 Bd7 7. Nxc6 bxc6 8. Bd3 Bd6 9. O-O Qc7 10. h3 Ne7 11. c4 O-O 12. Nf3 dxe4 13. Bxe4 f5 14. Bc2 c5 15. Re1 Rae8 16. b4 cxb4 17. Bb2 Ng6 18. c5 Bxc5 19. Bb3 Rd8 20. Rc1 Qb6 21. Rxc5 Qxc5 22. Ng5 h6 23. Rxe6 Bxe6 24. Bxe6+ Kh8 25. Qh5 Ne5 26. Bb3 Rd2 0-1

[Event "Alajuela op"]
[Site "Alajuela CRC"]
[Date "2014.01.26"]
[Round "9.1"]
[White "Bruzon Batista, Lazaro"]
[Black "Kaufman, Raymond"]
[Result "1/2-1/2"]
[WhiteElo "2676"]
[BlackElo "2300"]
[PlyCount "146"]
[GameId "2130307675211830"]
[EventDate "2014.01.22"]
[EventType "swiss"]
[EventRounds "9"]
[EventCountry "CRI"]
[SourceTitle "The Week in Chess 1003"]
[Source "Mark Crowther"]
[SourceDate "2014.01.27"]
[SourceVersion "1"]
[SourceVersionDate "2014.01.27"]
[SourceQuality "2"]

1. d4 e6 2. c4 Nf6 3. Nf3 Bb4+ 4. Nc3 O-O 5. e3 d5 6. Bd3 c5 7. O-O cxd4 8. exd4 dxc4 9. Bxc4 b6 10. Qe2 Bb7 11. Rd1 Bxc3 12. bxc3 Qc7 13. Bd3 Nbd7 14. c4 Rfe8 15. Bb2 Rad8 16. Rac1 Qf4 17. Qe3 Qb8 18. h3 Qa8 19. Ne1 Nf8 20. Bf1 Ng6 21. a4 Rd7 22. Nd3 Nh4 23. Qg5 Ng6 24. f3 h6 25. Qe3 Red8 26. a5 Qb8 27. axb6 axb6 28. Rb1 Qc7 29. Rdc1 Ba8 30. Ba1 Ne7 31. d5 exd5 32. Bxf6 gxf6 33. Qxh6 dxc4 34. Nf2 f5 35. Qg5+ Kf8 36. Qh6+ Kg8 37. Bxc4 Qg3 38. Nh1 Qg7 39. Qxg7+ Kxg7 40. Ng3 Rc8 41. Nh5+ Kg6 42. Ng3 Rd6 43. Bf1 Rxc1 44. Rxc1 Kf6 45. Rb1 Ng6 46. Ne2 Ne5 47. Nc3 Kg5 48. Rb4 Kf6 49. Kf2 Ng6 50. Na4 Kg5 51. Nxb6 Bc6 52. Nc4 Rd4 53. Rb2 f4 54. Nd2 Bd5 55. Nb1 Ne5 56. Nc3 Bc6 57. Be2 f6 58. Ke1 Kh6 59. Rb8 Kg5 60. Rg8+ Kh6 61. Rb8 Kg5 62. Bb5 Bxb5 63. Rxb5 Rc4 64. Ne4+ Kg6 65. Rb6 Rc6 66. Rb8 f5 67. Nf2 Rc1+ 68. Ke2 Rc2+ 69. Ke1 Rc1+ 70. Nd1 Rc2 71. Nf2 Rc1+ 72. Ke2 Rc2+ 73. Ke1 Rc1+ 1/2-1/2

[Event "Bay Area int."]
[Site "Santa Clara USA"]
[Date "2014.01.03"]
[Round "2.28"]
[White "Coraretti, Benjamin"]
[Black "Kaufman, Raymond"]
[Result "0-1"]
[WhiteElo "2170"]
[BlackElo "2301"]
[PlyCount "82"]
[GameId "2130307675673818"]
[EventDate "2014.01.02"]
[EventType "swiss"]
[EventRounds "9"]
[EventCountry "USA"]
[SourceTitle "The Week in Chess 1000"]
[Source "Mark Crowther"]
[SourceDate "2014.01.06"]
[SourceVersion "1"]
[SourceVersionDate "2014.01.06"]
[SourceQuality "2"]

1. e4 e6 2. d4 d5 3. Nc3 Nf6 4. Bg5 Bb4 5. e5 h6 6. Bd2 Bxc3 7. bxc3 Ne4 8. Qg4 Kf8 9. Bd3 Nxd2 10. Kxd2 c5 11. h4 Nc6 12. Rh3 c4 13. Be2 b5 14. Rg3 Rg8 15. Qf4 Ne7 16. Rf3 Nf5 17. h5 Qg5 18. Qxg5 hxg5 19. g4 Nh4 20. Rg3 Ke7 21. Nh3 f6 22. Rh1 g6 23. exf6+ Kxf6 24. f4 gxf4 25. g5+ Ke7 26. Nxf4 Nf5 27. Rg2 gxh5 28. Rxh5 Bd7 29. Rh7+ Kd6 30. Rf7 b4 31. Rf6 Rab8 32. Bh5 b3 33. axb3 cxb3 34. cxb3 Rxb3 35. Nd3 Rc8 36. g6 Rbxc3 37. Bd1 Ra3 38. Rg5 Ra2+ 39. Ke1 Rc3 40. Ne5 Re3+ 41. Kf1 Bb5+ 0-1

[Event "Bay Area int."]
[Site "Santa Clara USA"]
[Date "2014.01.03"]
[Round "3.15"]
[White "Kaufman, Raymond"]
[Black "Gerzhoy, Leonid"]
[Result "0-1"]
[WhiteElo "2301"]
[BlackElo "2481"]
[PlyCount "41"]
[GameId "2130307675673839"]
[EventDate "2014.01.02"]
[EventType "swiss"]
[EventRounds "9"]
[EventCountry "USA"]
[SourceTitle "The Week in Chess 1000"]
[Source "Mark Crowther"]
[SourceDate "2014.01.06"]
[SourceVersion "1"]
[SourceVersionDate "2014.01.06"]
[SourceQuality "2"]

1. d4 Nf6 2. c4 g6 3. g3 Bg7 4. Bg2 O-O 5. Nf3 c5 6. d5 d6 7. Nc3 e6 8. O-O exd5 9. cxd5 a6 10. a4 Re8 11. Bf4 Nh5 12. Bg5 Qc7 13. Qd2 Nd7 14. h3 Rb8 15. a5 b5 16. axb6 Rxb6 17. Ra2 Ne5 18. Nxe5 Bxe5 19. e4 Bd7 20. Kh2 Reb8 21. f4 0-1

[Event "Bay Area int."]
[Site "Santa Clara USA"]
[Date "2014.01.04"]
[Round "4.26"]
[White "MacKenzie, Dana"]
[Black "Kaufman, Raymond"]
[Result "0-1"]
[WhiteElo "2068"]
[BlackElo "2301"]
[PlyCount "56"]
[GameId "2130307675673879"]
[EventDate "2014.01.02"]
[EventType "swiss"]
[EventRounds "9"]
[EventCountry "USA"]
[SourceTitle "The Week in Chess 1000"]
[Source "Mark Crowther"]
[SourceDate "2014.01.06"]
[SourceVersion "1"]
[SourceVersionDate "2014.01.06"]
[SourceQuality "2"]

1. d4 Nf6 2. c4 e6 3. Nc3 c5 4. d5 exd5 5. cxd5 d6 6. g3 g6 7. Bg2 Bg7 8. Nf3 O-O 9. O-O a6 10. a4 Re8 11. Nd2 Nbd7 12. Nc4 Ne5 13. Nxe5 Rxe5 14. Bf4 Re8 15. Qd2 Rb8 16. a5 b5 17. axb6 Rxb6 18. Ra2 Bd7 19. Rfa1 Qb8 20. Qd3 Ng4 21. Rxa6 Rxa6 22. Rxa6 Qxb2 23. Nd1 Qb4 24. Rc6 Qe1+ 25. Bf1 Nxh2 26. Kxh2 Qxf1 27. Rxd6 Bf5 28. e4 Qxd3 0-1

[Event "Bay Area int."]
[Site "Santa Clara USA"]
[Date "2014.01.05"]
[Round "6.13"]
[White "Bregadze, Levan"]
[Black "Kaufman, Raymond"]
[Result "1/2-1/2"]
[WhiteElo "2417"]
[BlackElo "2301"]
[PlyCount "131"]
[GameId "2130307675678031"]
[EventDate "2014.01.02"]
[EventType "swiss"]
[EventRounds "9"]
[EventCountry "USA"]
[SourceTitle "The Week in Chess 1001"]
[Source "Mark Crowther"]
[SourceDate "2014.01.14"]
[SourceVersion "1"]
[SourceVersionDate "2014.01.14"]
[SourceQuality "2"]

1. Nf3 Nf6 2. c4 b6 3. g3 c5 4. Bg2 Bb7 5. O-O e6 6. b3 Be7 7. Bb2 O-O 8. e3 d5 9. Nc3 Nbd7 10. Qe2 Qc7 11. cxd5 Nxd5 12. Nxd5 Bxd5 13. e4 Bc6 14. d4 Bf6 15. Rad1 Qb7 16. Rfe1 Rad8 17. h4 h6 18. Qc2 Rfe8 19. Kh2 Qa8 20. b4 cxb4 21. d5 Bb7 22. e5 Be7 23. Nd4 Nc5 24. Nc6 Rc8 25. Nxb4 Na6 26. Nc6 Nb4 27. Qe2 Nxd5 28. Nd4 Nc3 29. Bxb7 Qxb7 30. Bxc3 Rxc3 31. Nb5 Rc5 32. Nd6 Bxd6 33. exd6 Rd8 34. Rd2 Rd5 35. Rxd5 Qxd5 36. Rd1 Qc6 37. Qd2 Rd7 38. Kg1 f6 39. Qd3 Qc5 40. Qd2 Kf7 41. Qd3 b5 42. Qf3 b4 43. Qd3 a5 44. Qa6 Qc2 45. Rf1 Qc5 46. Rd1 f5 47. Rd3 e5 48. Rd1 Qc2 49. Re1 Qc5 50. Rd1 e4 51. Qa8 e3 52. Rd5 Qc1+ 53. Kh2 Qc2 54. Re5 Qxf2+ 55. Kh3 Qf1+ 56. Kh2 Qe2+ 57. Kh3 Qg4+ 58. Kh2 f4 59. Qe8+ Kf6 60. Re7 Qxg3+ 61. Kh1 Qxh4+ 62. Kg1 Qf2+ 63. Kh1 Qe1+ 64. Kg2 Qe2+ 65. Kh3 Qf1+ 66. Kh2 1/2-1/2